Dara Shukoh/ (Record no. 188414)

MARC details
000 -LEADER
fixed length control field 00506nam a22001817a 4500
005 - DATE AND TIME OF LATEST TRANSACTION
control field 20220520155327.0
010 ## - LCCN (DPL NO)
LC control number ENG-132759
020 ## - INTERNATIONAL STANDARD BOOK NUMBER
International Standard Book Number 9789380658520
Terms of availability 350.00
035 ## - SYSTEM CONTROL NUMBER
System control number EN-116291
037 ## - SOURCE OF ACQUISITION
Source of stock number/acquisition DBAD/PUB
082 ## - DEWEY DECIMAL CLASSIFICATION NUMBER
Edition number 882
100 ## - MAIN ENTRY--PERSONAL NAME
Personal name Gandhi, Gopal
245 ## - TITLE STATEMENT
Title Dara Shukoh/
Statement of responsibility, etc Gopal Gandhi
260 ## - PUBLICATION, DISTRIBUTION, ETC. (IMPRINT)
Place of publication, distribution, etc Chennai
Name of publisher, distributor, etc Tranquebar Press
Date of publication, distribution, etc 2013
270 ## - ADDRESS
Address Venkat Towers, 165, P.H. Road Maduravoyal
City Chennai
Postal code 600095
300 ## - PHYSICAL DESCRIPTION
Extent 201p.
Dimensions 20cm(pbk)
942 ## - ADDED ENTRY ELEMENTS (KOHA)
Source of classification or shelving scheme Dewey Decimal Classification
Item type English Books
Classification part 882
Call number suffix GAN
Holdings
Withdrawn status Lost status Not for loan Collection code Home library Current library Date acquired Source of acquisition Cost, normal purchase price Full call number Barcode Copy number Cost, replacement price Koha item type
      Non-fiction Ashok Vihar Ashok Vihar 20/05/2022 DBAD/PUB 350.00 882 GAN EN-116291 1 350.00 English Books

© Delhi Public Library
Hit Counter
free hit counter